Výročná správa ako zdroj informácií pre finančnú analýzu v Slovenskej a Českej republike bakalárska práca

Gespeichert in:
Bibliographische Detailangaben
1. Verfasser: Antonyová, Gabriela
Körperschaft: Fakulta hospodárskej informatiky EU. Katedra účtovníctva a audítorstva
Weitere Verfasser: Lovciová, Kornélia, 1983-
Format: Buch
Sprache:Slowakisch
Veröffentlicht: Bratislava 2018
Tags: Tag hinzufügen
Keine Tags, Fügen Sie das erste Tag hinzu!

MARC

LEADER 00000nbm a2200000 4500
001 0247387
005 20190128144636.7
041 0 |a slo 
044 |a SK 
245 1 0 |a Výročná správa ako zdroj informácií pre finančnú analýzu v Slovenskej a Českej republike  |b bakalárska práca  |c Gabriela Antonyová ; školiteľ: Kornélia Lovciová 
264 1 |a Bratislava  |c 2018 
300 |a 60 s. 
100 1 |a Antonyová, Gabriela 
700 1 |a Lovciová, Kornélia, 1983- 
710 2 |a Fakulta hospodárskej informatiky EU. Katedra účtovníctva a audítorstva